Statistics for Spider-Man: Who Came First Quiz

Click here to take the quiz!

General Stats

  • This quiz has been taken 33 times
  • The average score is 9 of 10

Answer Stats

QuestionAnswer% Correct
Rhino or SandmanSandman
100%
Vulture or ScorpionVulture
97%
Chameleon or Speed DemonChameleon
93%
Speed Demon or JackalJackal
93%
Kingpin or HammerheadKingpin
93%
Mysterio or Silver SableMysterio
93%
Venom or ChanceChance
90%
Electro or Alaistair SmytheElectro
86%
Spencer Smythe or Doc OckDoc Ock
83%
Aunt May or Uncle Benboth
34%

Score Distribution

Percentile by Number Answered

Percent of People with Each Score

Your Score History

You have not taken this quiz